Debating the democratic peace / (Record no. 11189)
[ view plain ]
| 000 -LEADER | |
|---|---|
| fixed length control field | 01202cam a2200301 a 4500 |
| 001 - CONTROL NUMBER | |
| control field | 3507666 |
| 005 - DATE AND TIME OF LATEST TRANSACTION | |
| control field | 19960723155458.3 |
| 008 - FIXED-LENGTH DATA ELEMENTS--GENERAL INFORMATION | |
| fixed length control field | 950929s1996 maua b 000 0 eng |
| 010 ## - LIBRARY OF CONGRESS CONTROL NUMBER | |
| LC control number | 95044816 |
| 020 ## - INTERNATIONAL STANDARD BOOK NUMBER | |
| International Standard Book Number | 0262522136 (pbk.) |
| 040 ## - CATALOGING SOURCE | |
| Original cataloging agency | DLC |
| Transcribing agency | DLC |
| Modifying agency | DLC |
| 050 00 - LIBRARY OF CONGRESS CALL NUMBER | |
| Classification number | JX1952 |
| Item number | .D42 1996 |
| 082 00 - DEWEY DECIMAL CLASSIFICATION NUMBER | |
| Classification number | 327.172 |
| Edition number | 20 |
| Item number | DEB |
| 245 00 - TITLE STATEMENT | |
| Title | Debating the democratic peace / |
| Statement of responsibility, etc | edited by Michael E. Brown, Sean M. Lynn-Jones, and Steven E. Miller. |
| 260 ## - PUBLICATION, DISTRIBUTION, ETC. (IMPRINT) | |
| Place of publication, distribution, etc | Cambridge, Mass. : |
| Name of publisher, distributor, etc | MIT Press, |
| Date of publication, distribution, etc | c1996. |
| 300 ## - PHYSICAL DESCRIPTION | |
| Extent | xxxiii, 379 p. : |
| Other physical details | ill. ; |
| Dimensions | 23 cm. |
| 440 #0 - | |
| -- | International security readers |
| -- | 3163 |
| 504 ## - BIBLIOGRAPHY, ETC. NOTE | |
| Bibliography, etc | Includes bibliographical references. |
| 650 #0 - SUBJECT ADDED ENTRY--TOPICAL TERM | |
| Topical term or geographic name as entry element | Peace. |
| 9 (RLIN) | 3164 |
| 650 #0 - SUBJECT ADDED ENTRY--TOPICAL TERM | |
| Topical term or geographic name as entry element | Security, International. |
| 9 (RLIN) | 3165 |
| 650 #0 - SUBJECT ADDED ENTRY--TOPICAL TERM | |
| Topical term or geographic name as entry element | Democracy. |
| 9 (RLIN) | 3166 |
| 700 1# - ADDED ENTRY--PERSONAL NAME | |
| Personal name | Brown, Michael E. |
| Fuller form of name | (Michael Edward), |
| Dates associated with a name | 1954- |
| 9 (RLIN) | 3167 |
| 700 1# - ADDED ENTRY--PERSONAL NAME | |
| Personal name | Lynn-Jones, Sean M. |
| 9 (RLIN) | 3168 |
| 700 1# - ADDED ENTRY--PERSONAL NAME | |
| Personal name | Miller, Steven E. |
| 9 (RLIN) | 3169 |
| 942 ## - ADDED ENTRY ELEMENTS (KOHA) | |
| Source of classification or shelving scheme | Dewey Decimal Classification |
| Item type | Book - Borrowing |
| Withdrawn status | Item status | Source of classification or shelving scheme | Damaged status | Not for loan | Vendor | Home library | Current library | Shelving location | Date acquired | Source of acquisition | Cost, normal purchase price | Serial Enumeration / chronology | Total Checkouts | Total Renewals | Full call number | Barcode | Date last seen | Date last borrowed | Koha item type |
|---|---|---|---|---|---|---|---|---|---|---|---|---|---|---|---|---|---|---|---|
| Dewey Decimal Classification | Baccah | Central Library | Central Library | First floor | 05/04/2009 | 260.00 | 7371 | 7 | 30 | 327.172 DEB | 000015848 | 15/07/2025 | 04/04/2016 | Book - Borrowing |